000 00723nam a2200169 a 4500
008 070202s2006 xx |||||||||||||| || u
050 _aTHE/ZUL/SBE/12/2006
100 _aZulu, Ephraim
245 1 0 _aFeasibility estimate
_cthesis by Ephraim Zulu and supervised by Franco Muleya
246 _aan alternative approach for better accuracy
260 _a
_bCopperbelt University, School of Built Environment, Department Building Science
_c2006
350 _a0.00
650 _aCONSTRUCTION INDUSTRY--ZAMBIA
650 _aBUILDING--ESTIMATES--ZAMBIA
650 _aBUILDING
995 _D0.00
_FCBU-MAIN LIBRARY (Kitwe)
_H1
_I0.00
_M1
_UAVAILABLE
_WFeb 2, 2007
_ZUniversity Collection
999 _c43181
_d43181